Systémes fiscaux et marché comun / (Record no. 126224)

MARC details
000 -LEADER
campo de control de longitud fija 00492nam a2200169 4500
001 - NÚMERO DE CONTROL
campo de control 126224
003 - IDENTIFICADOR DE NÚMERO DE CONTROL
campo de control ES-MaACL
005 - FECHA Y HORA DE LA ÚLTIMA TRANSACCIÓN
campo de control 20230906192759.0
007 - CAMPO FIJO DE DESCRIPCIÓN FÍSICA--INFORMACIÓN GENERAL
campo de control de longitud fija t|
008 - DATOS DE LONGITUD FIJA--INFORMACIÓN GENERAL
campo de control de longitud fija 070214s1961 fr r ||||1| fre d
100 1# - ENTRADA PRINCIPAL--NOMBRE DE PERSONA
Nombre de persona Reboud, Louis.
9 (RLIN) 95721
245 10 - MENCIÓN DEL TÍTULO
Título Systémes fiscaux et marché comun /
Mención de responsabilidad, etc. Louis Reboud ; préface de Alain Barrére.
260 ## - PUBLICACIÓN, DISTRIBUCIÓN, ETC.
Lugar de publicación, distribución, etc. Paris :
Nombre del editor, distribuidor, etc. Sirey,
Fecha de publicación, distribución, etc. 1961.
300 ## - DESCRIPCIÓN FÍSICA
Extensión IV, 374 p. ;
Dimensiones 23 cm.
700 1# - ENTRADA AGREGADA--NOMBRE PERSONAL
Nombre de persona Barrère, Alain.
9 (RLIN) 25938
852 ## - LOCALIZACIÓN
Ubicación ES-MaACL
Número de control de estantería E-8296
Sublocalización o colección R.92850
Holdings
Estatus retirado Estado de pérdida Estado de daño No para préstamo Biblioteca de origen Biblioteca actual Ubicación en estantería Fecha de adquisición Fuente de adquisición Total de préstamos Signatura topográfica completa Código de barras Visto por última vez Precio de reemplazo Tipo de ítem Koha
        Biblioteca del Ateneo de Madrid Biblioteca del Ateneo de Madrid Depósito 2 17/01/2008     E-8296 1131473 23/02/2023 23/02/2023 Libro impreso